000 00280nam a2200121Ia 4500
008 190216s9999||||xx |||||||||||||| ||und||
100 _aNinan V I
245 0 _aBsc Subsidiary Statistics
260 _bMar Gregorious
_c1981
300 _a293
650 _aMathematics
942 _cBK
999 _c37209
_d37209